| 000 | 00390nam a2200157Ia 4500 | ||
|---|---|---|---|
| 008 | 230524s9999 xx 000 0 und d | ||
| 082 |
_a4.321 _bDOV |
||
| 100 |
_aDouglas E.Comer _910648 |
||
| 245 | 0 | _aInternetworking with TCP\IP Vol. II | |
| 250 | _a3RD | ||
| 260 |
_aNEW DELHI _bPearson _c2003 |
||
| 300 | _aXXI;680 | ||
| 500 | _aQuantity Number: 1 | ||
| 650 | _aComp-Sc | ||
| 942 | _cBK | ||
| 999 |
_c14581 _d14581 |
||